| 000 | 00900 a2200217 4500 | ||
|---|---|---|---|
| 999 |
_c8381 _d8381 |
||
| 020 | _a9780123744937 (pbk. : alk. paper) | ||
| 050 | 0 | 0 | _aQA76.9 PAT 2009 |
| 100 | 1 | _aPatterson, David A. | |
| 245 | 1 | 0 |
_aComputer Organization and Design : _bthe Hardware/Software Interface / _cDavid A. Patterson, John L. Hennessy. |
| 250 | _a4th ed. | ||
| 264 |
_aAmsterdam: _bElsevier, _c2009 |
||
| 300 |
_a1 v. (various pagings) : _bill. ; |
||
| 500 | _aIncludes bibliographical references and index. | ||
| 650 | 0 | _aComputer organization. | |
| 650 | 0 | _aComputer engineering. | |
| 650 | 0 | _aComputer interfaces. | |
| 700 | 1 | _aHennessy, John L. | |
| 856 | 4 | 1 |
_3Table of contents only _uhttp://www.loc.gov/catdir/toc/ecip0821/2008026443.html |
| 942 |
_2lcc _cBK _e4th. _h76.9 _iPAT _kQA |
||